Famous and Important Battles in History - Statistics

General Stats
  • This quiz has been taken 114 times
    108 since last reset
  • The average score is 32 of 70
Answer Stats
Description Year Battle % Correct
Coalition victory over Napoleon ends the Napoleonic Wars and reshapes European politics. 1815 Battle of Waterloo
81%
Decisive US naval victory over Japan shifts momentum in the Pacific theater and marks a turning point in World War II. 1942 Battle of Midway
79%
William the Conqueror's victory over Harold II establishes Norman rule in England, reshaping English culture, law, and language. 1066 Battle of Hastings
75%
British naval victory over France and Spain secures British naval supremacy and prevents Napoleon's invasion of Britain. 1805 Battle of Trafalgar
75%
RAF victory over the Luftwaffe prevents German invasion of Britain and marks the first major defeat for Nazi Germany in World War II. 1940 Battle of Britain
74%
Union victory marks the turning point in the American Civil War and boosts Northern morale. 1863 Battle of Gettysburg
74%
Soviet victory over Germany marks the turning point in World War II in Europe and begins the Soviet advance towards Germany. 1942-1943 Battle of Stalingrad
74%
English victory during the Hundred Years' War boosts English morale and demonstrates the effectiveness of the English longbow. 1415 Battle of Agincourt
72%
Napoleon's victory over Russia and Austria establishes French dominance in Europe and consolidates Napoleon's power. 1805 Battle of Austerlitz
72%
One of the bloodiest battles of World War I, resulting in massive casualties and minimal territorial gains for the Allies. 1916 Battle of the Somme
72%
Frankish forces under Charles Martel repel the Umayyad Caliphate's invasion, halting Muslim expansion into Western Europe and preserving Christianity. 732 Battle of Tours
70%
Holy League victory over the Ottoman Empire prevents Ottoman conquest of Central Europe and marks the beginning of Ottoman decline. 1683 Battle of Vienna
70%
Ottoman conquest marks the end of the Byzantine Empire, leading to the Renaissance and shaping the course of European history. 1453 Fall of Constantinople
70%
French victory over English forces reverses English momentum in the Hundred Years' War and boosts French morale. 1428-1429 Siege of Orléans
70%
Hannibal's tactical masterpiece results in a devastating defeat for Rome, altering the course of the Second Punic War and inspiring military strategy for centuries. 216 BC Battle of Cannae
68%
Greeks halt the First Persian Invasion, securing Greek independence and its model of democracy, influencing Western political philosophy. 490 BC Battle of Marathon
67%
Allied victory in North Africa secures control of the Suez Canal and marks the beginning of the end for Axis forces in North Africa. 1942 Second Battle of El Alamein
67%
Largest naval battle of World War I between British and German fleets results in inconclusive strategic outcome but maintains British naval blockade. 1916 Battle of Jutland
65%
Texan defeat inspires Texans to rally against Mexican forces and ultimately win independence. 1836 Battle of the Alamo
65%
English naval victory over this fleet secures English dominance in the Atlantic and marks the decline of Spanish power. 1588 Spanish Armada
63%
Allied victory halts the German advance into France during World War I and marks the beginning of trench warfare. 1914 First Battle of the Marne
61%
Germanic tribes ambush and annihilate three Roman legions, halting Roman expansion into Germania and shaping the future of Europe. 9 Battle of Teutoburg Forest
60%
Long and bloody siege during the Syrian Civil War, resulting in significant destruction and loss of life. 2012-2016 Battle of Aleppo
58%
Alexander the Great defeats Darius III, securing his dominance over the Persian Empire and facilitating the spread of Hellenistic culture. 331 BC Battle of Gaugamela
58%
Ottoman forces besiege this island, but the Knights Hospitaller, aided by local defenders, successfully repel the invaders, halting Ottoman expansion into the Mediterranean and ensuring the survival of Christian Europe. 1565 Great Siege of Malta
58%
Octavian's victory over Mark Antony and Cleopatra leads to the end of the Roman Republic, establishing the Roman Empire under Augustus. 31 BC Battle of Actium
56%
Lakota Sioux and Cheyenne victory over US forces is a significant Native American success in the Plains Indian Wars. 1876 Battle of the Little Bighorn
56%
Holy League victory halts Ottoman naval expansion in the Mediterranean and preserves Christian influence in the region. 1571 Battle of Lepanto
54%
American victory boosts American morale and secures French support during the American Revolutionary War. 1777 Battle of Saratoga
53%
British victory over France in Canada secures British control of this area and marks the end of French colonial presence in North America. 1759 Battle of the Plains of Abraham
53%
Spanish conquest of the Aztec capital marks the end of Aztec civilization and establishes Spanish dominance in the Americas. 1521 Fall of Tenochtitlan
53%
Successful amphibious landing by UN forces during the Korean War shifts momentum in favor of the Allies and leads to the liberation of Seoul. 1950 Battle of Inchon
49%
American victory boosts American morale and ends British hopes of regaining territory in the United States. 1815 Battle of New Orleans
49%
Polish victory over Soviet Russia halts Soviet advance into Europe and preserves Polish independence. 1920 Battle of Warsaw
49%
Gothic victory over the Eastern Roman Empire leads to significant territorial losses and marks the beginning of the decline of the Roman military. 378 Battle of Adrianople
46%
Julius Caesar's victory solidifies Roman control over Gaul, contributing to the expansion of the Roman Empire and shaping European history. 52 BC Battle of Alesia
46%
US naval victory over Spain in the Spanish-American War establishes US naval dominance in the Pacific and marks the end of Spanish colonial rule in Asia. 1898 Battle of Manila Bay
46%
Seljuk Turks defeat the Byzantine Empire, weakening Byzantine control over Anatolia and paving the way for Turkish expansion. 1071 Battle of Manzikert
46%
Prussian victory over France leads to the collapse of the Second French Empire and the unification of Germany. 1870 Battle of Sedan
44%
Henry Tudor's victory over Richard III ends the Wars of the Roses and establishes the Tudor dynasty in England. 1485 Battle of Bosworth Field
42%
Ukrainian city besieged by Russian forces during the Russo-Ukrainian War, leading to devastation and loss of civilian life. 2022 Siege of Mariupol
42%
Vietnamese victory over French forces marks the end of French colonial rule in Indochina and leads to the division of Vietnam. 1954 Battle of Dien Bien Phu
40%
Saladin's victory over the Crusader states leads to the fall of Jerusalem, spurring the Third Crusade and shaping the religious and political dynamics of the Holy Land. 1187 Battle of Hattin
40%
Considered one of the earliest recorded battles, it ends inconclusively between the Egyptian and Hittite empires, leading to the world's first peace treaty. 1274 BC Battle of Kadesh
40%
Roman coalition halts Attila the Hun's invasion, preserving Western Roman stability and shaping the future of Europe. 451 Battle of Catalaunian Plains
37%
Decisive Japanese naval victory over Russia establishes Japan as a major naval power and marks the first defeat of a European power by an Asian nation. 1905 Battle of Tsushima
37%
Polish-Lithuanian victory over the Teutonic Knights ends their expansion into Eastern Europe and solidifies Poland's influence in the region. 1410 Battle of Grunwald
35%
Russian victory over Sweden establishes Russia as a major European power and diminishes Swedish influence. 1709 Battle of Poltava
35%
Coalition victory in the Gulf War liberates Kuwait from Iraqi occupation and establishes US dominance in the region. 1991 Operation Desert Storm
32%
Otto I's decisive victory over the Magyars ensures Germanic dominance in Central Europe and accelerates the Christianization of the region. 955 Battle of Lechfeld
30%
Mamluk victory over the Mongols halts their westward expansion and prevents the Mongol conquest of the Middle East. 1260 Battle of Ain Jalut
28%
Allied victory over France in the War of the Spanish Succession prevents French dominance in Europe and strengthens the Grand Alliance. 1704 Battle of Blenheim
26%
Parliamentarian forces defeat King Charles I's Royalists, marking a turning point in the English Civil War and leading to Parliamentarian dominance. 1645 Battle of Naseby
26%
British East India Company victory in India establishes British dominance in Bengal and marks the beginning of British colonial rule in India. 1757 Battle of Plassey
26%
Novgorod Republic defeats the Teutonic Knights, securing Russian independence and shaping the future of Eastern Europe. 1242 Battle of Lake Peipus
25%
Protestant victory in the Thirty Years' War preserves Protestant influence in Germany and prevents Habsburg dominance. 1632 Battle of Lützen
25%
Allied Chinese forces defeat Cao Cao's fleet, preventing his unification of China and paving the way for the Three Kingdoms period. 208 Battle of Red Cliffs
25%
Prussian victory over Austria establishes Prussian dominance in the German Confederation and paves the way for German unification. 1866 Battle of Königgrätz
23%
Tokugawa forces emerge victorious in a decisive battle, leading to the establishment of the Tokugawa Shogunate and the beginning of a prolonged period of peace and stability in Japan. 1600 Battle of Sekigahara
21%
Babur's Mughal forces defeat the Sultan of Delhi, Ibrahim Lodi, establishing Mughal rule in India and heralding the beginning of the Mughal Empire's dominance over the Indian subcontinent. 1526 First Battle of Panipat
21%
French and Sardinian victory over Austria leads to the unification of Italy and the establishment of the Kingdom of Italy. 1859 Battle of Solferino
19%
French revolutionary forces halt the advance of the Prussian and Austrian armies, marking a pivotal moment in the French Revolution and boosting morale for the revolutionaries. 1792 Battle of Valmy
19%
US-led coalition victory during the Iraq War, but at a significant cost in casualties and civilian infrastructure. 2004 Second Battle of Fallujah
19%
Christian coalition victory over the Almohad Caliphate, weakening Muslim control in Spain and accelerating the Reconquista. 1212 Battle of Las Navas de Tolosa
18%
This US Marine base is besieged by North Vietnamese forces during the Tet Offensive, symbolizing the intense fighting and fueling anti-war sentiment amidst growing skepticism about the Vietnam War's progress. 1968 Battle of Khe Sanh
16%
Muslim conquest of the Byzantine Empire in the Levant, leading to the expansion of Islam and shaping the religious and political landscape of the Middle East. 636 Battle of Yarmuk
16%
Zulu victory over British forces is a stunning defeat for the British Empire and shapes British military tactics in colonial warfare. 1879 Battle of Isandlwana
14%
Portuguese naval victory secures Portuguese dominance in the Indian Ocean, establishing Portuguese trade routes to Asia. 1509 Battle of Diu
12%
Russian victory over the Golden Horde strengthens Moscow's position as a regional power and marks a turning point in Mongol dominance. 1380 Battle of Kulikovo
9%
Byzantine forces defeat the Ostrogoths, securing Byzantine dominance in Italy and preserving Roman influence in the region. 552 Battle of Taginae
9%
No matching quizzes found
Score Distribution
Percent of People with Each Score
Percentile by Number Answered
Your Score History
You have not taken this quiz since the last reset